000 00920nas a2200289 4500
001 BR0808553
003 BR-BrBNA
005 20231205112857.0
007 ta
008 230509b bl.|||p| |||| 00| 00por d
040 _aBR-BrBNA
_bpor
_cBiblioteca Nacional de Agricultura
041 _a(Pt)
072 _aH60
100 1 _aGrohs, M.
100 1 _aSantos, F.M. dos
100 1 _aMarchezan, E.
100 1 _aMassoni, P.F.S.
100 1 _aArosemena, D.R.
100 1 _aAvila, L.A. de
245 1 _aResidual da mistura formulada dos herbicidas imazethapyr e imazapic em solo de várzea sobre azevém (Lolium multiflorum Lam.)cultivado em sucessão ao arroz tolerante
650 _aHERBICIDA
650 _aAZÉVEM
650 _aARROZ
773 0 _tCiência Rural (Brazil)
_xISSN 0103-8478
_g(Sep 2008), v. 38(6) p. 1754-1757
_wBR0808553
909 _a202311
_bLúcia
_c55
_dLúcia Elande
942 _2AGRIS
_n0
_cANA
999 _c200534
_d200534